[Event "Bad Woerishofen op"]
[Site "Bad Woerishofen"]
[Date "2001.??.??"]
[Round "8"]
[White "Warnk, Torsten"]
[Black "Born, Ludger"]
[Result "0-1"]
[WhiteElo "2039"]
[BlackElo "1800"]
[Annotator "ChessOrg"]
[PlyCount "145"]
[EventDate "1998.03.05"]
[Source "ChessBase"]
[SourceDate "1998.04.29"]

1. d4 {D02: Damenbauernspiele} 1... d5 2. Nf3 Nf6 3. Bf4 e6 4. c4 c5 5. e3 cxd4
6. Nxd4 {letzter Buchzug} 6... Bb4+ 7. Nd2 Ne4 8. N4f3 O-O (8... e5 $5 9. Bxe5
9... Bg4 $11) 9. a3 $14 9... Nxd2 10. Nxd2 Bd6 11. Bxd6 Qxd6 12. Nf3 Nc6 13.
Rc1 Rd8 14. c5 (14. cxd5 exd5 15. Nd4 15... Qf6 $11) 14... Qe7 (14... Qc7 15.
b4 $15) 15. Bb5 (15. b4 d4 16. Qc2 16... e5 $11) 15... Bd7 (15... e5 16. O-O
$15) 16. O-O $11 16... Rac8 17. b4 f6 18. Re1 Be8 19. Ba4 a6 (19... Bh5 20. h3
$15) 20. Qb3 Bf7 21. Nd4 Na7 22. Qd3 (22. Ra1 22... g6 $11) 22... g6 (22... Bg6
23. Qd2 $15) 23. e4 e5 24. exd5 Rxd5 25. Qe3 Qd8 (25... Rxd4 $2 26. Qxd4 b5 27.
Bc2 $18) 26. Nc2 Rd3 27. Qe4 Nc6 28. Re3 Rd1+ (28... Rd2 29. Bxc6 Rxc6 30. Ree1
$15) 29. Rxd1 Qxd1+ 30. Re1 Qd2 31. Re2 Qd1+ 32. Re1 Qd2 33. Qe3 Qd5 (33... Rd8
34. h3 $11) 34. Qe2 Rd8 35. Ne3 Qd3 (35... Qd2 36. Qxd2 Rxd2 37. Rd1 Rxd1+ 38.
Bxd1 $11) 36. Qb2 (36. Qf3 Qc3 37. Rb1 37... f5 $14) 36... Qd2 37. Qa1 Qd4 38.
Qb1 Qc3 39. Qa1 Rd3 40. Qxc3 Rxc3 41. Bxc6 bxc6 42. Ra1 Kf8 43. Kf1 a5 44. Ke1
Rb3 (44... a4 45. Kd2 Rb3 46. Nd1 $11) 45. Nc2 (45. bxa5 $5 45... Rb5 46. a6
$14) 45... Bd5 46. f3 (46. bxa5 Rb5 47. a6 $15) 46... Ke7 (46... Rb2 $5 $142
47. Ne3 axb4 48. axb4 48... Rxb4 $17) 47. bxa5 $14 47... Rb5 48. a6 Rxc5 49.
Rb1 Ra5 (49... Rxc2 $2 50. Rb7+ Kd6 51. a7 $18) 50. Rb7+ Kd6 51. a7 h5 52. h4
g5 53. hxg5 fxg5 54. Rg7 g4 55. fxg4 hxg4 56. Rxg4 Rxa7 57. Rg3 Be4 58. Ne3 Bd3
59. Kd2 e4 (59... Rxa3 $143 60. Nc4+ Bxc4 61. Rxa3 $16) 60. Rg6+ Kc5 61. Rg5+
Kb6 62. Nc2 Bxc2 63. Kxc2 Rxa3 64. Re5 Rg3 65. Rxe4 Rxg2+ 66. Kc3 Rg3+ 67. Kc4
Rg1 68. Kb4 Rb1+ 69. Kc4 Rc1+ 70. Kb3 Kb5 71. Re5+ c5 72. Kb2 Rh1 73. Re3 0-1

[Event "Bad Woerishofen op"]
[Site "?"]
[Date "2001.??.??"]
[Round "1"]
[White "Warter, Siegfried"]
[Black "Naegele, Thomas"]
[Result "0-1"]
[WhiteElo "1800"]
[BlackElo "2189"]
[Annotator "ChessOrg"]
[PlyCount "138"]
[EventDate "2000.??.??"]

1. e4 {B52: Sizilianisch (Rossolimo-Variante)} 1... c5 2. Nf3 d6 3. Bb5+ Bd7 4.
Bxd7+ Qxd7 5. O-O Nc6 6. c4 g6 7. d4 cxd4 8. Nxd4 Bg7 9. Be3 Nf6 10. f3 O-O 11.
Nc3 Rfc8 12. b3 Qc7 13. Rc1 Qa5 14. Qd2 a6 15. Rfd1 15... Rab8 {letzter Buchzug
} 16. Nxc6 bxc6 17. c5 Ne8 18. Na4 Qxd2 19. Rxd2 f5 20. Nb6 Rc7 21. cxd6 exd6
22. exf5 gxf5 23. Nc4 Bf8 24. Na5 c5 25. Bf4 Rd8 26. Rd5 Rf7 27. Rcxc5 $11 (27.
Rd3 $5 $16 $142) 27... Nc7 28. Rxc7 Rxc7 29. Nc4 Rc5 30. Rd1 Kf7 31. Kf2 (31.
Bxd6 $143 31... Rxc4 32. bxc4 32... Bxd6 $17) 31... d5 32. Be3 (32. Ne3 $5 $17)
32... Rcc8 (32... Re8 33. Nd2 Rc2 34. a4 $19) 33. Ne5+ Ke6 34. Nd3 Rc2+ 35. Rd2
Rxd2+ 36. Bxd2 Rc8 37. Nf4+ 37... Kf7 $15 (37... Ke5 38. Ne2 $17) 38. Ke2 (38.
Nxd5 $2 38... Rd8 $19) 38... Rc2 39. Kd3 Rxa2 40. Nxd5 Bg7 41. Nb4 (41. g4 Rb2
42. b4 Rb3+ 43. Ke2 fxg4 44. fxg4 44... Be5 $17) 41... Ra1 (41... Rb2 $5 42.
Nxa6 Rxb3+ 43. Kc2 Rb2+ 44. Kc1 44... Ra2 $17) 42. g4 Ke6 43. h4 fxg4 44. fxg4
a5 45. Nc6 a4 46. bxa4 Rxa4 47. h5 $2 $19 (47. Nb4 $5 $17 $142) 47... Rxg4 48.
h6 Bf6 49. Ke2 Rg2+ 50. Kd3 Kf5 51. Be3 Bg5 52. Nd4+ Kg6 (52... Kf6 $5 $142 53.
Bxg5+ Rxg5 54. Ke3 $19) 53. Nf3 Bf6 54. Ne1 (54. Ke4 54... Rb2 $19) 54... Rg4
55. Nf3 Kf5 56. Ke2 Rg2+ 57. Kf1 (57. Kd3 57... Rb2 $19) 57... Ra2 58. Bd2 Kg4
59. Ke2 Bc3 (59... Kg3 $142 60. Ke3 Ra3+ 61. Ke4 Rxf3 62. Be1+ Kg4 63. Bd2 $19)
60. Nh2+ Kg3 (60... Kf5 61. Nf3 $19) 61. Nf1+ Kg2 62. Ne3+ Kg1 63. Nc4 Bxd2 64.
Nxd2 Kg2 65. Ke3 Ra6 66. Ne4 Rxh6 67. Kf4 (67. Ng5 $19) 67... Rh4+ 68. Kf5 Rxe4
69. Kxe4 h5 (69... h5 70. Ke3 70... h4 $19) 0-1

[Event "Bad Woerishofen op"]
[Site "Bad Woerishofen"]
[Date "2001.??.??"]
[Round "5"]
[White "Warter, Siegfried"]
[Black "von Saldern, Ruediger"]
[Result "1-0"]
[WhiteElo "1800"]
[BlackElo "2148"]
[Annotator "ChessOrg"]
[PlyCount "83"]
[EventDate "1998.03.05"]
[Source "ChessBase"]
[SourceDate "1998.04.29"]

1. e4 {C88: Spanische Partie (Geschlossenes System)} 1... e5 2. Nf3 Nc6 3. Bb5
a6 4. Ba4 Nf6 5. O-O b5 6. Bb3 Be7 7. Re1 O-O 8. a4 Rb8 9. d3 {letzter Buchzug}
9... d6 (9... b4 10. d4 $11) 10. h3 (10. axb5 $5 10... axb5 11. Be3 $14) 10...
Na5 11. Ba2 bxa4 12. Bd2 c5 13. Bc3 Nc6 14. Bc4 Nb4 (14... Nd7 15. Rxa4 Nb6 16.
Ra2 Nxc4 17. dxc4 $11) 15. Rxa4 $14 15... a5 16. Nbd2 Bd7 17. Ra3 h6 18. Nf1
Qc7 19. Ne3 Ra8 20. Qd2 Ra7 21. b3 Rfa8 22. Rea1 Bd8 23. g4 Kf8 24. g5 hxg5 25.
Nxg5 Be8 (25... Nh5 26. Nxf7 (26. Bxf7 $2 26... Nf4 $19 (26... Bxg5 $6 27. Bxh5
Bxh3 28. Bb2 $11)) 26... Nf4 27. Ng2 Nxh3+ 28. Kh2 $11) 26. f4 Nh5 27. Ng2 (27.
Nd5 Nxd5 28. Bxd5 Nxf4 29. Nh7+ Kg8 30. Bxa8 Rxa8 31. Rxa5 Rxa5 32. Bxa5 32...
Qd7 $19) 27... Qe7 28. Rf1 exf4 29. h4 d5 (29... Qd7 30. Nxf4 Qg4+ 31. Ng2 Bxg5
32. hxg5 $11) 30. exd5 Qd6 31. Nxf4 Nxf4 32. Rxf4 (32. Qxf4 $5 32... Qxf4 33.
Rxf4 Nxc2 34. Ra2 $14) 32... Nxc2 33. Ne6+ Kg8 34. Rg4 (34. Qxc2 fxe6 35. Re4
Bf6 36. Bxf6 36... exd5 $14) 34... fxe6 (34... f5 35. Rg2 35... Nd4 $14) 35.
Qh6 $4 (35. Qxc2 $142 35... e5 36. Re4 $14) 35... Qf8 $4 (35... Nd4 36. Ra2
36... Re7 $17) 36. dxe6 $18 36... Re7 37. Ra2 Nd4 38. Rf2 Qf5 39. Rxf5 Nxf5 40.
Qf4 Nd4 41. Bxd4 cxd4 42. Qd6 (42. Qd6 Rc8 43. Rxd4 $18) (42. Qf3 Rb8 43. Rf4
Bc7 44. Rf8+ 44... Kh7 $18) 1-0

[Event "Bad Woerishofen op"]
[Site "Bad Woerishofen"]
[Date "2001.??.??"]
[Round "7"]
[White "Warter, Siegfried"]
[Black "Krotofil, Kurt"]
[Result "1-0"]
[WhiteElo "1800"]
[BlackElo "2137"]
[Annotator "ChessOrg"]
[PlyCount "35"]
[EventDate "1998.03.05"]
[Source "ChessBase"]
[SourceDate "1998.04.29"]

1. e4 {B31: Sizilianisch (Rossolimo-Variante)} 1... c5 2. Nf3 Nc6 3. Bb5 g6 4.
O-O Bg7 5. Re1 Nd4 6. Nxd4 cxd4 7. c3 e6 8. e5 Ne7 9. cxd4 9... Qb6 {
letzter Buchzug} 10. Qa4 a6 11. Nc3 Rb8 12. Bf1 Nc6 13. d5 Nxe5 14. Qf4 d6 15.
d4 g5 16. Qxg5 16... Qxd4 $2 (16... Ng6 $16 $142) 17. Re4 $18 (17. Qxg7 $4
17... Nf3+ 18. gxf3 Qxg7+ 19. Kh1 19... Rg8 $19) 17... Bf6 (17... Nf3+ 18. gxf3
18... Qf6 $18) 18. Qxf6 (18. Qxf6 Nf3+ 19. Qxf3 $18) 1-0

[Event "Bad Woerishofen op"]
[Site "Bad Woerishofen"]
[Date "2001.??.??"]
[Round "9"]
[White "Warter, Siegfried"]
[Black "Kistella, Roman"]
[Result "0-1"]
[WhiteElo "1800"]
[BlackElo "2258"]
[Annotator "ChessOrg"]
[PlyCount "64"]
[EventDate "1998.03.05"]
[Source "ChessBase"]
[SourceDate "1998.04.29"]

1. e4 {B52: Sizilianisch (Rossolimo-Variante)} 1... c5 2. Nf3 d6 3. Bb5+ Bd7 4.
Bxd7+ Qxd7 5. O-O Nc6 6. c4 Nf6 7. Nc3 e6 8. d4 cxd4 9. Nxd4 Be7 10. b3 a6 11.
Be3 O-O 12. f3 {letzter Buchzug} 12... Qc7 13. Rc1 Ne5 14. Qe2 b6 15. h3 Ned7
16. f4 Qb7 17. Qf3 Rfc8 18. f5 Ne5 19. Qe2 (19. Qg3 Nh5 20. Qh2 20... Qd7 $14)
19... Nxe4 $11 20. fxe6 fxe6 21. Nxe6 (21. Bf4 $5 21... Nxc3 22. Rxc3 $15)
21... Ng3 $17 22. Qd2 Nxf1 23. Rxf1 b5 24. Nd5 bxc4 25. bxc4 (25. Nec7 Rxc7 26.
Nxc7 Rb8 27. Qd5+ Qxd5 28. Nxd5 Bd8 29. bxc4 29... Nxc4 $17) 25... Rxc4 (25...
Rab8 26. Qd4 $19) 26. Bg5 (26. Nb6 26... Rcc8 $17) 26... Bxg5 27. Qxg5 Ng6 28.
Nec7 $2 (28. Ne7+ $142 28... Qxe7 29. Qd5 Qa7+ 30. Kh1 $15) 28... Rc8 $19 (
28... Rxc7 $6 29. Nxc7 Rf8 30. Rxf8+ Nxf8 31. Qa5 $17) 29. Qf5 (29. Ne6 29...
Rc2 $19) 29... R4xc7 (29... R8xc7 30. Qe6+ Rf7 31. Qe8+ Rf8 32. Rxf8+ Nxf8 33.
Ne7+ Qxe7 34. Qxe7 $16) 30. Qe6+ Kh8 31. Nxc7 Qxc7 32. Rf7 Qc5+ (32... Qc5+ 33.
Kh1 Rf8 34. Rxf8+ 34... Nxf8 $19) 0-1

[Event "Bad Woerishofen op"]
[Site "?"]
[Date "2001.??.??"]
[Round "1"]
[White "Wawor, Gerhard"]
[Black "Schneider, Heiko"]
[Result "0-1"]
[WhiteElo "1887"]
[BlackElo "2275"]
[Annotator "ChessOrg"]
[PlyCount "112"]
[EventDate "2000.??.??"]

1. d4 {E91: Koenigsindisch (Klassisches System)} 1... Nf6 2. c4 c5 3. Nf3 g6 4.
Nc3 Bg7 5. e4 O-O 6. Be2 d6 7. O-O Nc6 8. dxc5 {letzter Buchzug} 8... dxc5 9.
Be3 b6 10. Qxd8 Rxd8 11. Rfd1 Bb7 12. Ne1 Nd7 13. Rd2 Bxc3 14. bxc3 Nf6 15. f3
Ba6 16. Nc2 Ne8 17. Na3 Rxd2 18. Bxd2 Na5 19. Nb5 Bc8 20. Bf4 f6 21. Rd1 Be6
22. Na3 g5 23. Bg3 h5 24. h4 Nc6 25. Nc2 Kg7 26. Ne3 Rd8 27. Rxd8 Nxd8 28. Nd5
Kf7 29. Kf2 Bc8 30. f4 g4 31. f5 Ba6 32. Bd3 Nc6 33. Be2 Ng7 (33... Ne5 $5 $17)
34. Nc7 Bb7 35. Ke3 e6 36. fxe6+ Nxe6 37. Nd5 Ba6 38. Kd2 Na5 39. Ne3 Nd8 40.
Bd3 Ndc6 41. Be2 Ke6 42. Nd5 Kf7 (42... Bxc4 43. Nf4+ Kf7 44. Nxh5 Bxa2 45.
Bxg4 Nc4+ 46. Kc1 $11) 43. Nf4 (43. Ne3 43... Ne5 $15) 43... Ne5 44. Nxh5
Naxc4+ 45. Ke1 Bb7 46. Bxe5 Nxe5 47. Ng3 a5 48. Kf2 Bc8 49. Ke3 Be6 50. a3 Bc4
51. Kf4 b5 52. Bxc4+ (52. Bd1 $5 $11) 52... Nxc4 $15 (52... bxc4 $143 53. h5
$18) 53. h5 (53. Nf5 $5 $15) 53... Nxa3 $17 54. Kf5 Nc4 55. Ne2 (55. h6 $5 $142
55... Nd6+ 56. Kf4 $19) 55... a4 $19 56. Nf4 $4 (56. Kxg4 b4 57. cxb4 cxb4 58.
h6 $19) 56... Ne3# 0-1

[Event "Bad Woerishofen op"]
[Site "Bad Woerishofen"]
[Date "2001.??.??"]
[Round "3"]
[White "Wawor, Gerhard"]
[Black "Oud, Niek"]
[Result "1-0"]
[WhiteElo "1887"]
[BlackElo "2170"]
[Annotator "ChessOrg"]
[PlyCount "53"]
[EventDate "1998.03.05"]
[Source "ChessBase"]
[SourceDate "1998.04.29"]

1. d4 {D30: Damengambit (ohne Sc3)} 1... d5 2. Nf3 Nf6 3. c4 e6 4. Bg5 h6 5.
Bxf6 Qxf6 6. e3 c6 7. Nc3 Bd6 8. e4 dxe4 9. Nxe4 Bb4+ 10. Nc3 {letzter Buchzug}
10... O-O 11. Bd3 (11. a3 Bxc3+ 12. bxc3 12... Re8 $11) 11... Nd7 (11... c5 12.
Qb3 $15) 12. Rc1 (12. O-O 12... Rd8 $11) 12... Re8 (12... e5 13. O-O $11) 13.
O-O Bxc3 14. Rxc3 b6 15. Re1 Bb7 16. Be4 Rad8 17. Rce3 e5 18. Qe2 exd4 19. Bh7+
$1 19... Kxh7 20. Qd3+ (20. Rxe8 $5 20... c5 21. Rxd8 Qxd8 22. Qe7 Qxe7 23.
Rxe7 $16) 20... g6 $11 21. Rxe8 Rxe8 22. Rxe8 c5 23. Kf1 Kg7 24. b3 Nf8 25. Qe2
Ne6 (25... Bxf3 $5 26. gxf3 26... Ne6 $11) 26. Qe5 $14 26... Nf4 $4 (26... Qxe5
$142 27. Nxe5 27... Be4 $14) 27. Rg8+ $3 $18 (27. Rg8+ Kxg8 28. Qxf6 $18) 1-0

[Event "Bad Woerishofen op"]
[Site "Bad Woerishofen"]
[Date "2001.??.??"]
[Round "5"]
[White "Wawor, Gerhard"]
[Black "Emami, Madjid"]
[Result "0-1"]
[WhiteElo "1887"]
[BlackElo "2140"]
[Annotator "ChessOrg"]
[PlyCount "104"]
[EventDate "1998.03.05"]
[Source "ChessBase"]
[SourceDate "1998.04.29"]

1. d4 {A40: Verschiedene (seltene) Antworten auf 1.d4} 1... g6 2. c4 Bg7 3. e4
d6 4. Be3 4... Nd7 {letzter Buchzug} 5. Qd2 c6 (5... Ngf6 6. Nc3 $11) 6. Bd3 e5
7. Ne2 Ngf6 8. d5 Ng4 9. Bg5 f6 10. Bh4 O-O 11. h3 Nh6 12. g4 Nf7 13. Nec3 Bh6
14. Qc2 Bf4 15. f3 Qb6 16. Nd1 Kg7 17. Bf2 c5 18. Nbc3 Rh8 19. Ne3 Qd8 20. h4
Nb6 21. Ke2 Bd7 22. Rag1 h6 23. Kd1 (23. Ng2 23... Re8 $16) 23... Qe7 (23...
Bxe3 24. Bxe3 Rf8 25. g5 fxg5 26. hxg5 Nxg5 27. Rxh6 Kxh6 28. Bxg5+ Qxg5 29.
Rxg5 Kxg5 30. Qd2+ Kf6 31. f4 $15) 24. b3 (24. Ng2 24... Rhg8 $16) 24... Rhb8 (
24... Bxe3 $5 25. Bxe3 25... a6 $11) 25. Ng2 $16 25... Nc8 26. a4 (26. Ne2
26... g5 $16) 26... a6 27. Ne2 g5 28. hxg5 (28. Nexf4 $6 28... gxf4 29. Qc3 b5
30. axb5 30... axb5 $14) 28... fxg5 29. Be1 Qf6 30. Bc3 b5 31. a5 bxc4 32. Bxc4
Bb5 (32... Ne7 33. Ngxf4 gxf4 34. Rf1 $14) 33. Rh5 (33. Nexf4 gxf4 34. Nh4
34... Ne7 $18) 33... Ne7 34. Nexf4 gxf4 35. Nh4 Bxc4 36. bxc4 Rb7 37. Nf5+ Nxf5
38. gxf5+ (38. exf5 $6 38... Rab8 39. Rgh1 Rb1+ 40. Kd2 40... R1b3 $16) (38.
Rxf5 $143 38... Qh4 39. Rh5 39... Qf6 $14) 38... Ng5 39. Ke2 Rab8 40. Rg4 Rb3
41. Rh1 R8b7 42. Rgh4 Ra3 43. Qc1 (43. Rxh6 Qxh6 44. Rxh6 Kxh6 45. Qc1 Ra2+ 46.
Kd3 Nxf3 47. Qh1+ Nh2 48. f6 $17) 43... Rbb3 $11 44. Rxh6 (44. Bd2 Rxf3 45. Qc2
$15) 44... Rxc3 $17 45. Rxf6 (45. Qb1 Re3+ 46. Kd1 $19) 45... Re3+ $4 (45...
Ra2+ $142 46. Kd1 Rxc1+ 47. Kxc1 Kxf6 48. Rh6+ 48... Ke7 $19) 46. Kd1 $11 46...
Kxf6 47. Rh6+ (47. Qb2 $5 $142 47... Red3+ 48. Ke2 $15) 47... Kf7 $19 48. Qb2
48... Reb3 $4 (48... Rad3+ 49. Kc1 Re1+ 50. Kc2 Re2+ 51. Kxd3 Rxb2 52. Rxd6
Rb3+ 53. Kc2 Rxf3 54. Rxa6 Nxe4 55. Rh6 Rc3+ 56. Kd1 $19) 49. Qxb3 $4 (49. Qh2
$142 49... Rd3+ 50. Kc2 Rdc3+ 51. Kb2 Rab3+ 52. Ka2 Ra3+ 53. Kb1 Rab3+ 54. Ka1
Ra3+ 55. Kb2 Rab3+ 56. Ka2 Ra3+ 57. Kb2 $11) 49... Rxb3 $19 50. Rxd6 Rxf3 51.
Rxa6 Rd3+ (51... Nxe4 $5 52. Re6 $19) 52. Ke1 $2 (52. Kc2 $142 52... Rd4 53.
Ra7+ Kf6 54. Ra6+ Ke7 55. Ra7+ Kd8 56. f6 Rxc4+ 57. Kb3 Rb4+ 58. Kc2 $19) 52...
f3 (52... f3 53. Ra7+ Kg8 54. Ra8+ 54... Kh7 $19) (52... Nxe4 53. Ra7+ Kf6 54.
Ra6+ Kxf5 55. Ra8 $19) 0-1

[Event "Bad Woerishofen op"]
[Site "Bad Woerishofen"]
[Date "2001.??.??"]
[Round "7"]
[White "Wawor, Gerhard"]
[Black "Walke, Guenter"]
[Result "0-1"]
[WhiteElo "1887"]
[BlackElo "1747"]
[Annotator "ChessOrg"]
[PlyCount "56"]
[EventDate "1998.03.05"]
[Source "ChessBase"]
[SourceDate "1998.04.29"]

1. d4 {A84: Hollaendische Verteidigung} 1... d5 2. Nf3 e6 3. c4 c6 4. e3 f5 5.
Qc2 {letzter Buchzug} 5... Bd6 6. b3 Nf6 7. Ba3 $4 (7. Bd3 $14 $142) 7... Bxa3
$19 8. Nxa3 Qa5+ 9. Nd2 Qxa3 10. c5 (10. Be2 10... O-O $19) 10... Qa5 (10... b6
11. cxb6 axb6 12. Be2 $19) 11. O-O-O (11. a3 11... Ne4 $19) 11... Na6 (11... b6
12. Kb1 $19) 12. Kb1 (12. Bxa6 Qxa6 13. Nf3 13... b6 $19) 12... Bd7 (12... b6
$5 13. Bxa6 Bxa6 14. Nf3 $19) 13. f3 b6 14. Rc1 (14. Bxa6 Qxa6 15. h3 15... O-O
$19) 14... bxc5 15. dxc5 Nc7 (15... Nxc5 16. Qxc5 Qxd2 17. Rc2 Qe1+ 18. Rc1 $19
) 16. Qb2 Rb8 17. g4 fxg4 18. fxg4 O-O 19. Bd3 (19. h3 19... Bc8 $19) 19... e5
(19... Nxg4 20. Rhg1 e5 21. h3 $19) 20. g5 Ng4 21. Rhg1 (21. Rhf1 $19) 21...
Rf2 22. Rc2 (22. Rc3 Nxe3 23. g6 23... h5 $19) 22... e4 (22... Nxe3 $142 23.
Rgc1 Nb5 24. Ka1 Nxc2+ 25. Rxc2 $19) 23. Nxe4 dxe4 (23... Rxc2 24. Qxc2 dxe4
25. Bxe4 $19) 24. Bxe4 (24. Bc4+ Be6 25. Rxg4 Bxc4 26. Rxf2 Bd3+ 27. Rc2 Qe1+
28. Qc1 Bxc2+ 29. Kb2 $19) 24... Rxc2 25. Qxc2 Rf8 26. Bxh7+ Kh8 27. a4 (27.
Bd3 Nd5 28. Ka1 28... Nb4 $19) 27... Rf2 28. Qe4 (28. Qc4 Kxh7 29. Qd3+ Bf5 30.
e4 $19) 28... Qd2 (28... Qd2 29. Qc2 29... Qxe3 $19) (28... Nb5 29. Qc2 Na3+
30. Kb2 Nxc2 31. Bxc2 Ne5 32. Rd1 Qxc5 33. Rd2 Rxd2 34. a5 Nd3+ 35. Ka2 Qxc2+
36. Ka3 Qa2#) 0-1

[Event "Bad Woerishofen op"]
[Site "Bad Woerishofen"]
[Date "2001.??.??"]
[Round "9"]
[White "Wawor, Gerhard"]
[Black "Sanna, Giuseppe"]
[Result "1-0"]
[WhiteElo "1887"]
[BlackElo "1620"]
[Annotator "ChessOrg"]
[PlyCount "39"]
[EventDate "1998.03.05"]
[Source "ChessBase"]
[SourceDate "1998.04.29"]

1. d4 {D63: Damengambit (Hauptvariante mit 7.Tc1)} 1... d5 2. Nf3 Nf6 3. c4 e6
4. Nc3 b6 5. Bg5 Be7 6. e3 O-O 7. Rc1 Nbd7 8. cxd5 exd5 9. Bb5 Bb7 10. Ne5 {
letzter Buchzug} 10... a6 $2 (10... Nxe5 $142 11. dxe5 Ne8 12. Bxe7 12... Qxe7
$11) 11. Bc6 $18 11... Bxc6 12. Nxc6 Qe8 13. Nxe7+ Qxe7 14. Nxd5 $1 14... Qd6
15. Nxf6+ Nxf6 16. Bf4 (16. Bxf6 $5 16... Qxf6 17. Rxc7 17... Qe6 $18) 16...
Qb4+ 17. Qd2 c5 (17... Qxd2+ 18. Kxd2 c5 19. dxc5 $18) 18. Qxb4 cxb4 19. O-O (
19. Be5 Ng4 20. Bc7 20... Rfe8 $18) 19... Rac8 20. Bd6 (20. Bd6 Rfe8 21. Bxb4
$18) 1-0

[Event "Bad Woerishofen op"]
[Site "Bad Woerishofen"]
[Date "2001.??.??"]
[Round "2"]
[White "Wawrinsky, Ludwig"]
[Black "Kleinhenz, Hans-Georg"]
[Result "0-1"]
[WhiteElo "1755"]
[BlackElo "2038"]
[Annotator "ChessOrg"]
[PlyCount "58"]
[EventDate "1998.03.05"]
[Source "ChessBase"]
[SourceDate "1998.04.29"]

1. e4 {C00: Franzoesische Verteidigung (Seltene Zuege)} 1... e6 2. b3 d5 3.
exd5 exd5 4. Bb2 4... Nf6 {letzter Buchzug} 5. Nf3 Bg4 6. Be2 Bd6 7. h3 Bxf3 8.
Bxf3 Qe7+ 9. Be2 O-O 10. O-O Re8 11. Bf3 Nbd7 12. Nc3 c6 (12... Qe5 13. g3 $15)
13. d4 (13. Re1 Ne5 14. Bh5 14... g6 $11) 13... Bc7 $15 14. a4 Qd6 15. g3 Ne4 (
15... Nf8 16. Qd3 $15) 16. Nxe4 dxe4 17. Ba3 Qg6 18. Bh5 Qh6 19. Bc1 Qe6 20.
Bg4 f5 21. Be2 Nf6 22. c4 (22. Bc4 $5 $142 22... Nd5 23. Qh5 $11) 22... f4 $17
23. c5 (23. Bxf4 $5 $142 23... Bxf4 24. gxf4 Qxh3 25. b4 $17) 23... Qxh3 24.
gxf4 $4 (24. Bxf4 $142 24... Bxf4 25. gxf4 $19) 24... Re6 25. b4 (25. Ra2 Nd5
26. Bg4 $19) 25... Nd5 26. Ra3 e3 27. Bg4 Rg6 28. f3 (28. fxe3 Rxg4+ 29. Qxg4
Qxg4+ 30. Kh1 $19) 28... Qg3+ 29. Kh1 Rh6+ (29... Rh6+ 30. Bh3 Rxh3#) 0-1

[Event "Bad Woerishofen op"]
[Site "Bad Woerishofen"]
[Date "2001.??.??"]
[Round "4"]
[White "Wawrinsky, Ludwig"]
[Black "Sponagel, Gunter"]
[Result "1-0"]
[WhiteElo "1755"]
[BlackElo "1500"]
[Annotator "ChessOrg"]
[PlyCount "55"]
[EventDate "1998.03.05"]
[Source "ChessBase"]
[SourceDate "1998.04.29"]

1. e4 {C00: Franzoesische Verteidigung (Seltene Zuege)} 1... e6 2. b3 d5 3.
exd5 exd5 4. Bb2 4... Nf6 {letzter Buchzug} 5. Nf3 Be7 6. Be2 O-O 7. O-O Be6 8.
Re1 h6 9. d4 Nbd7 10. Bd3 Nb6 11. Nbd2 Rc8 12. Rc1 Nh7 13. Ne5 (13. c4 13...
Re8 $14) 13... Bd6 (13... c5 14. Ndf3 $11) 14. f4 (14. c4 14... Nd7 $14) 14...
Bxe5 (14... c5 15. f5 Bd7 16. c4 $11) 15. dxe5 Qd7 16. Qf3 16... c6 $2 (16...
Qe7 $14 $142) 17. f5 $18 17... Ng5 18. Qg4 Rcd8 19. fxe6 19... fxe6 $2 (19...
Nxe6 20. Rf1 20... Rfe8 $18) 20. Ba3 (20. h4 Ne4 21. Nxe4 dxe4 22. Qxe4 g5 23.
Qg6+ Qg7 24. Qxe6+ 24... Kh8 $18) 20... Qf7 (20... Rfe8 21. Bg6 $18) 21. Bxf8 (
21. Rf1 Qd7 22. h4 Rxf1+ 23. Rxf1 23... g6 $18) 21... Rxf8 22. Rf1 Qe7 23.
Rxf8+ Qxf8 (23... Kxf8 24. Rf1+ Kg8 25. h4 $18) 24. Rf1 (24. h4 $5 $142 24...
Nf7 25. Qxe6 Qc5+ 26. Kh1 26... Kf8 $18) 24... Qe7 25. h4 Nf7 26. Qg6 Kf8 27.
Qh7 Ke8 (27... Qc5+ 28. Kh1 28... Qd4 $18) 28. Bg6 (28. Bg6 Nd7 29. Rxf7 Nxe5
30. Rxg7+ Nxg6 31. Qxg6+ Kd8 32. Qxh6 Qc5+ 33. Kh2 Qd6+ 34. g3 $18) 1-0

[Event "Bad Woerishofen op"]
[Site "Bad Woerishofen"]
[Date "2001.??.??"]
[Round "6"]
[White "Wawrinsky, Ludwig"]
[Black "Hipp, Hermann"]
[Result "0-1"]
[WhiteElo "1755"]
[BlackElo "2034"]
[Annotator "ChessOrg"]
[PlyCount "80"]
[EventDate "1998.03.05"]
[Source "ChessBase"]
[SourceDate "1998.04.29"]

1. e4 {B18: Caro-Kann (Hauptvariante)} 1... c6 2. d4 d5 3. Nc3 dxe4 4. Nxe4 Bf5
5. Nf3 {letzter Buchzug} 5... Bxe4 6. Ng5 Bg6 7. Bc4 Nf6 8. c3 h6 9. Nf3 Nbd7
10. Bf4 e6 11. Qe2 Be7 12. h4 b5 13. Bb3 Nd5 14. Bxd5 (14. Bg3 14... a5 $19)
14... exd5 15. h5 Bh7 16. g4 (16. Bd6 Be4 17. Bxe7 17... Qxe7 $19) 16... O-O
17. Qd2 Re8 18. Kf1 Be4 19. Rh3 Bxf3 20. Rxf3 Bg5 (20... Nf6 21. Re3 $19) 21.
Kg2 (21. Bxg5 Qxg5 22. Qxg5 22... hxg5 $19) 21... Re4 22. Rg1 (22. Re1 Rxf4 23.
Rxf4 23... Nf8 $19) 22... Qe7 (22... Rxf4 $142 23. Rxf4 Qc7 24. Re1 Qxf4 25.
Qxf4 Bxf4 26. Kf3 $19) 23. Kh3 (23. Bxg5 Rxg4+ 24. Kf1 Rxg1+ 25. Kxg1 Qxg5+ 26.
Qxg5 26... hxg5 $19) 23... Re8 (23... Bxf4 $142 24. Rxf4 24... Qg5 $19) 24.
Bxg5 Qxg5 25. Qxg5 hxg5 26. Rb1 R8e6 27. Rf5 f6 28. Kg3 Re1 (28... Re2 $5 29.
a3 $19) 29. Rxe1 Rxe1 30. Rf3 Re2 31. Re3 Rxe3+ (31... Rxb2 32. Re7 Nb6 33.
Rxa7 $19) 32. fxe3 Kf7 33. Kf3 Ke6 34. e4 Nb6 35. b3 dxe4+ 36. Kxe4 Nd5 37. c4
Nc3+ 38. Kd3 Nxa2 39. Kc2 f5 40. Kb2 (40. d5+ cxd5 41. gxf5+ Kxf5 42. cxb5 $19)
40... fxg4 (40... fxg4 41. d5+ Kd6 42. dxc6 Kxc6 43. cxb5+ Kxb5 44. Kxa2 44...
g3 $19) 0-1